00549nam a22001697a 4500003000500000005001700005008004100022040000600063082001600069100002900085245007900114260004600193300000900239942001200248999001900260952010000279CEME20210628203728.0210317b xxu||||| |||| 00| 0 eng d c. a621.3 PRO'N aNagrial, M. H. Dr967045 aProcedings of the symposium on drives servos and control (dsc) 19 feb 1992 aNEPEANbUIVERSITY OF WESTERN SYDANYc1992 a9.5P cBK2ddc c574900d574900 00104070aCEMEbCEMEcGENd2017-07-31l0o621.3 PRO'NpCEME-27322r2021-06-28w2021-06-28yBK